| 000 | 01233nam a22003857a 4500 | ||
|---|---|---|---|
| 001 | 4501972 | ||
| 003 | OSt | ||
| 005 | 20210420080345.0 | ||
| 008 | 971201s1997 enkabcf b 001 0deng d | ||
| 010 | _a 97220223 | ||
| 020 | _a0719556538 | ||
| 035 | _a(OCoLC)37415417 | ||
| 040 |
_aIXA _cIXA _dDLC _beng |
||
| 041 | _aeng | ||
| 042 | _alccopycat | ||
| 050 | 0 | 0 |
_aDR576 _b.P68 1997 |
| 080 |
_a94 _bP-84 |
||
| 082 | 0 | 0 |
_a956.1/02 _221 |
| 100 | 1 | _aPope, Nicole. | |
| 245 | 1 | 0 |
_aTurkey unveiled : _bAtatürk and after / _cNicole and Hugh Pope. |
| 260 |
_aLondon : _bJohn Murray, _cc1997. |
||
| 300 |
_axi, 373 p., [16] p. of plates : _bill., maps, ports. ; _c25 cm. |
||
| 365 | _b32 gbp | ||
| 504 | _aIncludes bibliographical references (p. [363]-366) and index. | ||
| 600 | 1 | 0 |
_aAtatürk, Kemal, _d1881-1938. |
| 650 | 0 |
_9252 _aHistory |
|
| 651 | 0 |
_aTurkey _xPolitics and government _y1909- |
|
| 651 | 0 |
_aTurkey _xCivilization _y20th century. |
|
| 653 | _aისტორია | ||
| 653 | _aთურქეთის ისტორია | ||
| 700 | 1 | _aPope, Hugh. | |
| 906 |
_a7 _bcbc _ccopycat _d3 _encip _f19 _gy-gencatlg |
||
| 942 |
_2udc _cBK |
||
| 999 |
_c565 _d565 |
||